[Event "chess.com Speed 3m+1spm 2018"]
[Site "chess.com INT"]
[Date "2018.10.11"]
[Round "2.17"]
[White "Nakamura,Hi"]
[Black "Vachier Lagrave,M"]
[Result "1/2-1/2"]
[WhiteElo "2777"]
[BlackElo "2779"]

1.d4 Nf6 2.c4 g6 3.Nc3 d5 4.cxd5 Nxd5 5.e4 Nxc3 6.bxc3 Bg7 7.Bg5 c5 8.Rc1 cxd4
9.cxd4 Nc6 10.d5 Nd4 11.Be3 e5 12.Bc4 O-O 13.Ne2 Re8 14.O-O Bd7 15.f3 b5
16.Bd3 Qb6 17.Nxd4 exd4 18.Bd2 Rac8 19.f4 Rxc1 20.Qxc1 Qd6 21.Qb2 Bf8 22.Qxd4 Qa3
23.Kh1 Rc8 24.Bb1 Rc4 25.Qf2 Bc5 26.Qh4 Qb2 27.Qd8+ Kg7 28.f5 Qxd2 29.f6+ Kh6
30.Qxd7 Rc1 31.Qh3+ Kg5 32.Qg3+ Kh5 33.Qf3+ Kh6 34.h4 Bd6 35.Bd3 Rxf1+ 36.Bxf1 Be5
37.g3  1/2-1/2

[Event "chess.com Speed 1m+1spm 2018"]
[Site "chess.com INT"]
[Date "2018.10.11"]
[Round "2.33"]
[White "Nakamura,Hi"]
[Black "Vachier Lagrave,M"]
[Result "1-0"]
[WhiteElo "2777"]
[BlackElo "2779"]

1.d4 Nf6 2.c4 g6 3.Nc3 d5 4.cxd5 Nxd5 5.e4 Nxc3 6.bxc3 Bg7 7.Bg5 c5 8.Rc1 cxd4
9.cxd4 Nc6 10.d5 Nd4 11.Be3 e5 12.Bc4 O-O 13.Ne2 Re8 14.O-O Bd7 15.f3 Qb6
16.Bd3 Rac8 17.Rb1 Qc7 18.Nxd4 exd4 19.Bd2 f5 20.Qb3 Kh8 21.Qxb7 fxe4 22.Qxc7 Rxc7
23.fxe4 Be5 24.Rfc1 Rxc1+ 25.Rxc1 Rb8 26.Rb1 Rxb1+ 27.Bxb1 Kg7 28.Bd3 Kf6
29.g3 g5 30.Kf2 h6 31.Ba5 Ke7 32.Ke2 Bg4+ 33.Kd2 Bd6 34.Bc4 Bh3 35.Be2 Bd7
36.Bd1 Bb5 37.a4 Bc4 38.Be2 Bb3 39.Bb5 Ba2 40.Kd3 Be5 41.Bb4+ Kf6 42.Kd2 Bb3
43.d6 Be6 44.d7 Bc7 45.Bc5  1-0

[Event "chess.com Speed 1m+1spm 2018"]
[Site "chess.com INT"]
[Date "2018.10.11"]
[Round "2.34"]
[White "Vachier Lagrave,M"]
[Black "Nakamura,Hi"]
[Result "0-1"]
[WhiteElo "2779"]
[BlackElo "2777"]

1.b3 e5 2.Bb2 Nc6 3.a3 d5 4.e3 Bd6 5.Ne2 Nf6 6.h3 O-O 7.g3 Bf5 8.Bg2 d4 9.exd4 exd4
10.d3 Re8 11.O-O Qd7 12.Kh2 Ne5 13.Nd2 c5 14.Re1 Re7 15.Nf4 Rae8 16.Ne4 Nxe4
17.dxe4 Be6 18.Nxe6 Rxe6 19.f4 Rg6 20.c3 Qb5 21.cxd4 Nd3 22.Bf1 c4 23.Bxd3 cxd3
24.e5 Bf8 25.Re3 Rc8 26.Rxd3 Rgc6 27.Rc1 Rxc1 28.Bxc1 Rxc1  0-1

[Event "chess.com Speed 1m+1spm 2018"]
[Site "chess.com INT"]
[Date "2018.10.11"]
[Round "2.35"]
[White "Nakamura,Hi"]
[Black "Vachier Lagrave,M"]
[Result "1-0"]
[WhiteElo "2777"]
[BlackElo "2779"]

1.d4 g6 2.c4 Bg7 3.Nc3 d6 4.e4 Nc6 5.d5 Nd4 6.Nge2 e5 7.dxe6 Nxe6 8.Be3 Ne7
9.g3 O-O 10.Bg2 f5 11.O-O c6 12.Qd2 fxe4 13.Nxe4 d5 14.cxd5 Nxd5 15.Bh6 Bxh6
16.Qxh6 Qe7 17.Rae1 Bd7 18.N2c3 Nxc3 19.Nxc3 Rae8 20.Rd1 Bc8 21.Ne4 Qg7 22.Qxg7+ Kxg7
23.Nd6 Re7 24.Bh3 Bd7 25.Nxb7 Nd4 26.Bxd7 Rxd7 27.Nc5 Nf3+ 28.Kg2 Re7 29.Rd7 Rxd7
30.Nxd7 Rf5 31.Rd1 h5 32.h4 g5 33.hxg5 Nxg5 34.f4 Ne6 35.Ne5 h4 36.Rd7+ Kg8
37.Rd6 Nc5 38.Nxc6 Kf7 39.Ne5+ Ke7 40.Rd5 Ne4 41.Ng6+ Ke6 42.Rxf5 Kxf5 43.Nxh4+ Kg4
44.f5 Nxg3 45.f6  1-0

[Event "chess.com Speed 3m+1spm 2018"]
[Site "chess.com INT"]
[Date "2018.10.11"]
[Round "2.15"]
[White "Nakamura,Hi"]
[Black "Vachier Lagrave,M"]
[Result "1/2-1/2"]
[WhiteElo "2777"]
[BlackElo "2779"]

1.d4 Nf6 2.c4 g6 3.Nc3 d5 4.cxd5 Nxd5 5.e4 Nxc3 6.bxc3 Bg7 7.Bg5 c5 8.Rc1 cxd4
9.cxd4 Nc6 10.d5 Nd4 11.Be3 e5 12.Bc4 O-O 13.Ne2 Re8 14.O-O Bd7 15.f3 b5
16.Bd3 Qa5 17.Nxd4 exd4 18.Bd2 Qa3 19.Qb3 Qxb3 20.axb3 a5 21.Rc7 Red8 22.Bg5 f6
23.Bd2 a4 24.Rxd7 Rxd7 25.Bxb5 Rc7 26.bxa4 Rc2 27.Rd1 Bf8 28.Kf1 Rb2 29.Bc6 Rab8
30.a5 d3 31.a6 Rb1 32.Ba4 Rxd1+ 33.Bxd1 Rb1 34.Ke1 Ra1 35.Bc3 Rxa6 36.Kd2 Ra3
37.f4 Kf7 38.e5 fxe5 39.fxe5 Bh6+ 40.Kxd3 Bf4 41.Kc4 Rxc3+  1/2-1/2

[Event "chess.com Speed 3m+1spm 2018"]
[Site "chess.com INT"]
[Date "2018.10.11"]
[Round "2.16"]
[White "Vachier Lagrave,M"]
[Black "Nakamura,Hi"]
[Result "1-0"]
[WhiteElo "2779"]
[BlackElo "2777"]

1.e4 e5 2.Nf3 Nc6 3.Bb5 Nf6 4.O-O Nxe4 5.Re1 Nd6 6.Nxe5 Be7 7.Bf1 Nxe5 8.Rxe5 O-O
9.d4 Bf6 10.Re1 Re8 11.Bf4 Rxe1 12.Qxe1 Ne8 13.Nc3 Bxd4 14.Nd5 c6 15.Rd1 Bc5
16.b4 Bf8 17.Ne3 d5 18.c4 Be6 19.cxd5 cxd5 20.Bc4 Qf6 21.Nxd5 Bxd5 22.Be5 Bxc4
23.Bxf6 Nxf6 24.a4 Bb3 25.Ra1 Rd8 26.h3 b6 27.Qc3 Rd1+ 28.Rxd1 Bxd1 29.a5 bxa5
30.bxa5 Ba4 31.Qd4 Bc6 32.Qxa7 Nd5 33.a6 Nb4 34.Qb6 Ba8 35.a7 Nc6 36.Qc7 Nxa7
37.Qxa7 Bd5 38.Qd4 Be6 39.g4 g5 40.Kg2 Be7 41.Kg3 h6 42.f4 gxf4+ 43.Qxf4 Kg7
44.h4 Bf6 45.g5 hxg5 46.hxg5 Be7 47.Kh4 f6 48.Qd4 Kf7 49.Kh5 fxg5 50.Qe4 Bf6
51.Qh7+ Ke8 52.Kg6 Be7 53.Qh8+ Kd7 54.Qd4+ Ke8 55.Qa4+ Kd8 56.Qc6 Bd7 57.Qb6+ Kc8
58.Kf7 Bd8 59.Qc5+ Kb7 60.Qd6 Kc8 61.Qa6+ Kc7 62.Qa8 g4 63.Qa5+ Kc8 64.Qa6+ Kc7
65.Qa8 Bc6 66.Qa7+ Kc8 67.Ke6 Bc7 68.Qa6+ Bb7 69.Qa4 Kb8 70.Qe8+ Bc8+ 71.Kd5 g3
72.Kc6 g2 73.Qg8 Bh2 74.Qb3+ Ka8 75.Qa2+ Kb8 76.Qb2+ Ka8 77.Qa2+ Kb8 78.Qb2+ Ka8
79.Qh8  1-0

[Event "chess.com Speed 1m+1spm 2018"]
[Site "chess.com INT"]
[Date "2018.10.11"]
[Round "2.32"]
[White "Vachier Lagrave,M"]
[Black "Nakamura,Hi"]
[Result "1-0"]
[WhiteElo "2779"]
[BlackElo "2777"]

1.d4 Nf6 2.Bf4 d5 3.e3 c5 4.Nf3 Nc6 5.Nc3 a6 6.dxc5 e6 7.Na4 Bxc5 8.Nxc5 Qa5+
9.c3 Qxc5 10.Bd3 Qe7 11.Ne5 Nd7 12.Nxc6 bxc6 13.e4 Nc5 14.exd5 Nxd3+ 15.Qxd3 exd5+
16.Be3 a5 17.O-O-O O-O 18.Rhe1 Be6 19.Qd4 Rfb8 20.Rd2 a4 21.Bf4 c5 22.Qxd5 Re8
23.Qe4 a3 24.b3 Qf6 25.Be5 Qh6 26.Qf4 Bxb3 27.Qxh6 gxh6 28.axb3 a2 29.Kb2 Rxe5
30.Ra1 Rb8 31.Rxa2 h5 32.Ra5 h4 33.h3 Kg7 34.b4 Kf6 35.Ka3 cxb4+ 36.cxb4 Re1
37.b5 Ra1+ 38.Ra2 Rb1 39.Rb2 Ra1+ 40.Kb4 Rd1 41.Ra6+ Ke5 42.Rc6 Kd5 43.Rc5+ Kd6
44.Rc4 Kd5 45.Rxh4 f5 46.Rxh7 Rd4+ 47.Ka5 Ra8+ 48.Kb6 Rb8+ 49.Rb7 Rd8 50.Rc2 Rb4
51.Rc5+ Ke6 52.Rbc7 Rb2 53.R7c6+ Ke7 54.Re5+ Kf7 55.Rxf5+ Kg7 56.Kc7 Re8
57.b6 Kh7 58.Kb7 Ree2 59.Rf7+ Kg8 60.Rd7 Re8 61.Rf6 Rbe2 62.h4 Rb2 63.h5 Kh8
64.g4 Rb1 65.g5 Rb5 66.f4 Rb4 67.h6 Rb5 68.g6 Kg8 69.h7+ Kh8 70.Rf8+ Rxf8
71.g7+ Kxh7 72.gxf8=Q+ Kg6 73.Qf7+  1-0

[Event "chess.com Speed 5m+1spm 2018"]
[Site "chess.com INT"]
[Date "2018.10.11"]
[Round "2.3"]
[White "Nakamura,Hi"]
[Black "Vachier Lagrave,M"]
[Result "0-1"]
[WhiteElo "2777"]
[BlackElo "2779"]

1.d4 Nf6 2.c4 g6 3.Nc3 d5 4.cxd5 Nxd5 5.e4 Nxc3 6.bxc3 Bg7 7.Bg5 c5 8.Rc1 cxd4
9.cxd4 Nc6 10.d5 Nd4 11.Be3 e5 12.Ne2 O-O 13.Nxd4 exd4 14.Bxd4 Qa5+ 15.Ke2 Re8
16.Kf3 Bg4+ 17.Kxg4 Rxe4+ 18.Kh3 Rxd4 19.Qb3 Qd2 20.Qe3 Qxa2 21.Qf3 g5 22.g4 h5
23.Rg1 Rf4  0-1

[Event "chess.com Speed 5m+1spm 2018"]
[Site "chess.com INT"]
[Date "2018.10.11"]
[Round "2.4"]
[White "Vachier Lagrave,M"]
[Black "Nakamura,Hi"]
[Result "0-1"]
[WhiteElo "2779"]
[BlackElo "2777"]

1.e4 c6 2.d4 d5 3.e5 Bf5 4.Nf3 e6 5.Be2 Ne7 6.O-O h6 7.Nbd2 Nd7 8.c3 g5 9.Ne1 c5
10.Nc2 Nc6 11.Nb3 c4 12.Nd2 Bg6 13.Bh5 Bd3 14.Re1 Bg7 15.b3 b5 16.bxc4 bxc4
17.Ba3 Bf8 18.Qf3 Rh7 19.Bxf8 Kxf8 20.Ne3 Rc8 21.Nxd5 exd5 22.e6 Nf6 23.exf7 Rxf7
24.Bxf7 Kxf7 25.Re3 Qd7 26.Rae1 Kg7 27.h4 Qf5 28.hxg5 hxg5 29.Qg3 Qf4 30.Qxf4 gxf4
31.Rf3 Nh5 32.Rh3 Bg6 33.Rh4 Re8 34.Rxe8 Bxe8 35.Nf3 Nf6 36.Nd2 Nh5 37.Nf3 Kf6
38.Kf1 Kf5 39.Ke2 Bg6 40.Rh1 Kf6 41.Rh4 Bd3+ 42.Kd2 Kg6 43.Ne5+ Nxe5 44.dxe5 Kg5
45.Rh1 Ng7 46.Rh8 Kf5 47.Ra8 Kxe5 48.Rxa7 Ne6 49.Re7 Kd6 50.Rf7 Ng5 51.Rxf4 Ne4+
52.Rxe4 Bxe4 53.f3 Bf5 54.a4 Kc5 55.Ke3 d4+ 56.cxd4+ Kb4 57.Kd2 c3+ 58.Kc1 Kxa4
59.d5 Kb5 60.g4 Bd3  0-1

[Event "chess.com Speed 1m+1spm 2018"]
[Site "chess.com INT"]
[Date "2018.10.11"]
[Round "2.30"]
[White "Vachier Lagrave,M"]
[Black "Nakamura,Hi"]
[Result "1/2-1/2"]
[WhiteElo "2779"]
[BlackElo "2777"]

1.Nf3 d5 2.c4 e6 3.e3 Nf6 4.b3 g6 5.Bb2 Bg7 6.d4 O-O 7.Nbd2 dxc4 8.Bxc4 c5
9.O-O cxd4 10.Nxd4 Bd7 11.Rc1 Nc6 12.N2f3 Nxd4 13.Bxd4 Bc6 14.Ne5 Bd5 15.Qe2 Bxc4
16.Rxc4 Nd7 17.Nxd7 Qxd7 18.Bxg7 Kxg7 19.Rd1 Qe7 20.Rdc1 Rfd8 21.h4 h5 22.Qf3 Rd7
23.g3 Rad8 24.Kg2 b6 25.a4 Rd3 26.Rc7 R8d7 27.Qb7 Rd2 28.Qxa7 Qf6 29.Rf1 R7d6
30.a5 bxa5 31.Qxa5 Rb2 32.Qc3 Qxc3 33.Rxc3 Rb6 34.Rd1 R2xb3 35.Rxb3 Rxb3
36.Rd4  1/2-1/2

[Event "chess.com Speed 1m+1spm 2018"]
[Site "chess.com INT"]
[Date "2018.10.11"]
[Round "2.29"]
[White "Nakamura,Hi"]
[Black "Vachier Lagrave,M"]
[Result "1/2-1/2"]
[WhiteElo "2777"]
[BlackElo "2779"]

1.d4 c6 2.c4 d5 3.cxd5 cxd5 4.Bf4 Nf6 5.e3 Nc6 6.Bd3 Bg4 7.Qb3 Qd7 8.Nd2 e6
9.Ngf3 Bb4 10.Ne5 Bxd2+ 11.Kxd2 Qe7 12.Qa3 Qxa3 13.bxa3 Nxe5 14.Bxe5 Ne4+
15.Bxe4 dxe4 16.Bxg7 Rg8 17.Be5 Kd7 18.h3 Bh5 19.g4 Bg6 20.a4 Rac8 21.Rhb1 b6
22.a5 Rc6 23.axb6 axb6 24.a4 Ra8 25.Rb4 f5 26.gxf5 Bxf5 27.Rg1 Bg6 28.h4 Rf8
29.Bf4 Rf5 30.Rgb1 Ra5 31.Rxb6 Rxb6 32.Rxb6 Rxa4 33.Rb2 Bf5 34.Kc3 Kc6 35.Kb3 Ra8
36.Rc2+ Kb6 37.Kb4 Ra1 38.Bc7+ Kb7 39.Be5 Kb6 40.Bc7+ Kb7 41.Bd8 Rb1+ 42.Kc5 Kc8
43.Bg5 Kd7 44.d5 Rd1 45.dxe6+ Kxe6 46.Rb2 Rd5+ 47.Kc4 Bh3 48.Bf4 Bf1+ 49.Kc3 Kf5
50.Rb7 h5 51.Rg7 Kf6 52.Rh7 Be2 53.Bg5+ Kf5 54.Rf7+ Kg6 55.Rf6+ Kg7 56.Rf4 Bf3
57.Bf6+ Kg6 58.Bd4 Rf5 59.Rxf5 Kxf5 60.Kd2 Kg4 61.Bf6 Kf5 62.Bg5 Kg4 63.Bd8 Kf5
64.Kc3 Kg4 65.Kc4 Kf5 66.Kc5 Kg4 67.Kd4 Bg2 68.Ke5 Bf3 69.Kd4 Kh3 70.Be7 Kg2
71.Bg5 Kxf2 72.Bf4 Kg2 73.Bg5 Kf2 74.Bf6 Kg2 75.Be7 Kf2 76.Bd8 Kg2 77.Bf6 Kf2
78.Bg5 Kg2 79.Bh6 Kf2 80.Bg7 Kg2 81.Ke5 Kg3 82.Bf6 Kg4 83.Bg5 Kh3 84.Kf4 Kg2
85.Bf6 Kf2 86.Be7 Kg2 87.Bd8 Kf2 88.Bg5 Ke2 89.Kf5 Kf1 90.Kf6 Ke2 91.Ke7 Kf1
92.Kd6 Ke2 93.Kc6 Kf1 94.Kb6 Ke2 95.Ka7 Kf1 96.Kb8 Ke2 97.Bh6 Kf1 98.Bg5 Ke2
99.Kc8 Kf1 100.Kd7 Ke2 101.Kc6 Kf2 102.Kb5 Ke2 103.Ka4 Kf2 104.Kb3 Kg2 105.Ka2 Kf1
106.Kb1 Kg2 107.Kc2 Kf1 108.Kc3 Kg2 109.Kd4 Kf1 110.Ke5 Kg2 111.Kf6 Kf1 112.Kg7 Kg2
113.Kh8 Kf1 114.Kg8 Kg2 115.Kg7 Kf1 116.Kh7 Kg2 117.Kh6 Kf1 118.Kg7 Kg2 119.Kf6 Kf1
120.Kf7 Kg2 121.Kf6 Kf1 122.Kf7  1/2-1/2

[Event "chess.com Speed 1m+1spm 2018"]
[Site "chess.com INT"]
[Date "2018.10.11"]
[Round "2.28"]
[White "Vachier Lagrave,M"]
[Black "Nakamura,Hi"]
[Result "0-1"]
[WhiteElo "2779"]
[BlackElo "2777"]

1.Nf3 Nf6 2.g3 g6 3.Bg2 Bg7 4.O-O O-O 5.c4 d5 6.cxd5 Nxd5 7.d4 c5 8.dxc5 Na6
9.e4 Ndb4 10.a3 Qxd1 11.Rxd1 Nc2 12.Ra2 Be6 13.b3 Bxb3  0-1

[Event "chess.com Speed 1m+1spm 2018"]
[Site "chess.com INT"]
[Date "2018.10.11"]
[Round "2.27"]
[White "Nakamura,Hi"]
[Black "Vachier Lagrave,M"]
[Result "1-0"]
[WhiteElo "2777"]
[BlackElo "2779"]

1.d4 Nf6 2.c4 g6 3.Nc3 d5 4.cxd5 Nxd5 5.e4 Nxc3 6.bxc3 Bg7 7.Bg5 c5 8.Rc1 O-O
9.d5 h6 10.Be3 e6 11.c4 b6 12.Qd2 Re8 13.Bd3 exd5 14.exd5 Nd7 15.Nf3 Nf6
16.O-O Bg4 17.Ne1 Ne4 18.Bxe4 Rxe4 19.h3 Bf5 20.Nf3 Kh7 21.Bf4 Qd7 22.Bg3 Rae8
23.Rfe1 g5 24.d6 Bg6 25.Rxe4 Rxe4 26.Re1 Rxc4 27.Re7 Qd8 28.Be5 Bxe5 29.Rxe5 Re4
30.Qd5 Rxe5 31.Nxe5 f6 32.Qb7+ Kg8 33.Nxg6 Qxd6 34.Ne7+ Kf8 35.Nf5 Qe5 36.g4  1-0

[Event "chess.com Speed 1m+1spm 2018"]
[Site "chess.com INT"]
[Date "2018.10.11"]
[Round "2.26"]
[White "Vachier Lagrave,M"]
[Black "Nakamura,Hi"]
[Result "1/2-1/2"]
[WhiteElo "2779"]
[BlackElo "2777"]

1.e4 e5 2.Nf3 Nc6 3.Bb5 Nf6 4.O-O Nxe4 5.d4 Nd6 6.Bxc6 dxc6 7.dxe5 Nf5 8.Qxd8+ Kxd8
9.h3 Ke8 10.Nc3 h5 11.Bf4 Be7 12.Rad1 Be6 13.Ng5 Rh6 14.Rfe1 Bb4 15.a3 Bxc3
16.bxc3 h4 17.g4 hxg3 18.fxg3 Ne7 19.g4 Nd5 20.Bd2 Nb6 21.Kg2 Rd8 22.Kg3 Nc4
23.Bf4 Rxd1 24.Rxd1 Nxa3 25.Ra1 Nb5 26.h4 Nxc3 27.Bd2 Ne2+ 28.Kf2 Bxg4 29.Rxa7 Rxh4
30.Rxb7 Rh2+ 31.Ke3 Ng3 32.Bb4 Nf1+ 33.Kf4 Bd1 34.Rb8+ Kd7 35.Be1 Rg2 36.e6+ fxe6
37.Ne4 Bxc2 38.Bh4 c5 39.Nxc5+ Kd6 40.Nb7+ Kc6 41.Na5+ Kc5 42.Be7+ Kd4 43.Rd8+ Kc3
44.Rc8 Re2 45.Rxc7+ Kd2 46.Nc4+ Kc1 47.Ba3+ Kb1 48.Bd6 Bd3 49.Ne5 Rf2+ 50.Kg5 Be4
51.Rxg7 Rf5+ 52.Kh6 Ne3 53.Rg1+ Kc2 54.Kg7 Rf2 55.Bc5 Rf5 56.Bxe3 Rxe5 57.Kf6 Rf5+
58.Kxe6 Rf3 59.Bd4 Bd3 60.Be5 Kb3 61.Rg3 Bc4+ 62.Kd6 Be2 63.Rxf3+ Bxf3 64.Kc5 Be2
65.Bd4 Bd3 66.Be5 Be2 67.Bd4  1/2-1/2

[Event "chess.com Speed 1m+1spm 2018"]
[Site "chess.com INT"]
[Date "2018.10.11"]
[Round "2.25"]
[White "Nakamura,Hi"]
[Black "Vachier Lagrave,M"]
[Result "0-1"]
[WhiteElo "2777"]
[BlackElo "2779"]

1.d4 Nf6 2.c4 g6 3.Nc3 d5 4.cxd5 Nxd5 5.e4 Nxc3 6.bxc3 Bg7 7.Bg5 c5 8.Rc1 O-O
9.d5 h6 10.Be3 e6 11.c4 Na6 12.Qd2 Re8 13.Bd3 exd5 14.cxd5 Nb4 15.Bb1 b6
16.a3 Na6 17.Ne2 Nc7 18.Bxh6 Bxh6 19.Qxh6 Nxd5 20.h4 Nf6 21.h5 Ng4 22.Qf4 g5
23.Qg3 Qf6 24.f3 Ne5 25.Nc3 Be6 26.O-O Kh8 27.Ba2 c4 28.Nb5 Rad8 29.Nc7 Re7
30.Nxe6 Qxe6 31.Qxg5 f6 32.Qf4 Nd3 33.Qh6+ Rh7 34.Bxc4 Qe5 35.Qe3 Nxc1 36.Rxc1 Qxh5
37.Bd5 Qh2+ 38.Kf1 Rg7 39.Qg1 Qh6 40.Ke2 Rh7 41.g4 Qf4 42.Qe3 Rh2+ 43.Kd3 Qd6
44.Qd4 Qxa3+ 45.Rc3 Qd6 46.g5 Rh3 47.Kc2 Qe5 48.Qxe5 fxe5 49.Rc7 Rg3 50.Rxa7 Rxg5
51.Re7 Rf8 52.Be6 Rxf3  0-1

[Event "chess.com Speed 3m+1spm 2018"]
[Site "chess.com INT"]
[Date "2018.10.11"]
[Round "2.24"]
[White "Vachier Lagrave,M"]
[Black "Nakamura,Hi"]
[Result "1/2-1/2"]
[WhiteElo "2779"]
[BlackElo "2777"]

1.e4 e5 2.Nf3 Nc6 3.Bc4 Bc5 4.O-O Nf6 5.d3 d6 6.c3 a5 7.Re1 O-O 8.Nbd2 Be6
9.b3 Re8 10.Nf1 d5 11.exd5 Bxd5 12.Bg5 Bxc4 13.dxc4 e4 14.N3d2 h6 15.Bh4 Qd6
16.Qc2 e3 17.fxe3 Ng4 18.Ne4 Qg6 19.h3 Rxe4 20.hxg4 Rxe3 21.Qxg6 Rxe1+ 22.Kh2 Rxf1
23.Qxc6 Bg1+ 24.Kh3 Rxa1 25.Qxb7 Re8 26.g5 h5 27.Qxc7 Re3+ 28.Bg3 g6 29.Qd8+ Kh7
30.Qf6 Kg8 31.Qd8+ Kh7 32.Qf6  1/2-1/2

[Event "chess.com Speed 3m+1spm 2018"]
[Site "chess.com INT"]
[Date "2018.10.11"]
[Round "2.23"]
[White "Nakamura,Hi"]
[Black "Vachier Lagrave,M"]
[Result "1/2-1/2"]
[WhiteElo "2777"]
[BlackElo "2779"]

1.d4 e6 2.c4 d5 3.Nc3 Be7 4.Nf3 Nf6 5.g3 O-O 6.Bg2 dxc4 7.Ne5 Qd6 8.Nxc4 Qa6
9.Qb3 Nc6 10.e3 Bd7 11.Ne5 Rad8 12.Nxd7 Rxd7 13.Qb5 Qxb5 14.Nxb5 e5 15.dxe5 Nxe5
16.Ke2 c6 17.Nc3 Rfd8 18.Bh3 Rd6 19.Rd1 Ne4 20.Rxd6 Nxc3+ 21.bxc3 Bxd6 22.e4 Bc5
23.Bg5 f6 24.Bf4 Nd3 25.Rd1 Nxf4+ 26.gxf4 Rxd1 27.Kxd1 Bxf2 28.Bc8 b6 29.Bd7 Be3
30.f5 c5 31.Ke2 Bf4 32.h3 g6 33.fxg6 hxg6 34.Kf3 Be5 35.Be6+ Kg7 36.c4 Kh6
37.Kg4 Kg7  1/2-1/2

[Event "chess.com Speed 3m+1spm 2018"]
[Site "chess.com INT"]
[Date "2018.10.11"]
[Round "2.22"]
[White "Vachier Lagrave,M"]
[Black "Nakamura,Hi"]
[Result "0-1"]
[WhiteElo "2779"]
[BlackElo "2777"]

1.e4 e5 2.Nc3 Nc6 3.Bc4 Nf6 4.d3 Bc5 5.Nf3 d6 6.O-O h6 7.Nd5 O-O 8.c3 a6
9.Re1 Ba7 10.h3 Nxd5 11.Bxd5 Ne7 12.Bb3 Ng6 13.d4 Qf6 14.Be3 Be6 15.Bc2 Nh4
16.Nxh4 Qxh4 17.Qf3 Rae8 18.dxe5 Bxe3 19.Qxe3 dxe5 20.Bb3 Qg5 21.Qxg5 hxg5
22.Rad1 Bxb3 23.axb3 Re7 24.Rd3 f6 25.Red1 Kf7 26.Kh2 Ke6 27.Kg3 a5 28.Kg4 Rh8
29.g3 g6 30.Rd8 Reh7 31.Rxh8 Rxh8 32.Rd5 b6 33.Rd1 f5+ 34.Kxg5 Rxh3 35.Kxg6 fxe4
36.g4 Rh2 37.Rf1 b5 38.g5 Rg2 39.c4 b4 40.Ra1 Rxf2 41.Rxa5 e3 42.Ra6+ Ke7
43.Ra1 e2 44.Re1 Ke6 45.Kg7 Kf5 46.g6 Ke4 47.Kh6 Rh2+ 48.Kg5 Kd3  0-1

[Event "chess.com Speed 3m+1spm 2018"]
[Site "chess.com INT"]
[Date "2018.10.11"]
[Round "2.21"]
[White "Nakamura,Hi"]
[Black "Vachier Lagrave,M"]
[Result "1-0"]
[WhiteElo "2777"]
[BlackElo "2779"]

1.d4 Nf6 2.c4 g6 3.Nc3 d5 4.cxd5 Nxd5 5.e4 Nxc3 6.bxc3 Bg7 7.Bg5 c5 8.Rc1 cxd4
9.cxd4 Nc6 10.d5 Nd4 11.Be3 e5 12.Bc4 O-O 13.Ne2 b5 14.Bd3 f5 15.O-O f4 16.Bxd4 exd4
17.Bxb5 f3 18.gxf3 Bh3 19.Ng3 Bxf1 20.Bxf1 Be5 21.Rc6 Rc8 22.Re6 Qg5 23.d6 Rcd8
24.Qb3 Kh8 25.Qd5 Bf4 26.Qxd4+  1-0

[Event "chess.com Speed 3m+1spm 2018"]
[Site "chess.com INT"]
[Date "2018.10.11"]
[Round "2.20"]
[White "Vachier Lagrave,M"]
[Black "Nakamura,Hi"]
[Result "0-1"]
[WhiteElo "2779"]
[BlackElo "2777"]

1.e4 e5 2.Nf3 Nc6 3.Bc4 Bc5 4.c3 Nf6 5.d3 d6 6.O-O a5 7.Re1 O-O 8.Nbd2 Be6
9.b3 Re8 10.Nf1 d5 11.exd5 Bxd5 12.Be3 Bxc4 13.dxc4 Qe7 14.Ng3 Rad8 15.Qc2 Bxe3
16.Rxe3 Qc5 17.Rae1 h6 18.h3 a4 19.Qf5 Qa3 20.Qc2 Na5 21.b4 Nxc4 22.R3e2 Nd5
23.Nxe5 Rxe5 24.Rxe5 Nxe5 25.Rxe5 Qxc3 26.Qe2 Nf6 27.b5 Rd2 28.Qe1 Qd3 29.Kh2 Rxa2
30.Nf5 Qd2 31.Re8+ Kh7  0-1

[Event "chess.com Speed 3m+1spm 2018"]
[Site "chess.com INT"]
[Date "2018.10.11"]
[Round "2.19"]
[White "Nakamura,Hi"]
[Black "Vachier Lagrave,M"]
[Result "1-0"]
[WhiteElo "2777"]
[BlackElo "2779"]

1.d4 Nf6 2.c4 g6 3.Nc3 d5 4.cxd5 Nxd5 5.e4 Nxc3 6.bxc3 Bg7 7.Bg5 c5 8.Rc1 cxd4
9.cxd4 Nc6 10.d5 Nd4 11.Be3 e5 12.Bc4 O-O 13.Ne2 Re8 14.O-O Bd7 15.f3 b5
16.Bd3 Qb6 17.Nxd4 exd4 18.Bd2 Rac8 19.f4 Rxc1 20.Qxc1 Rc8 21.Qb1 a5 22.e5 b4
23.d6 f6 24.Qb3+ Kh8 25.e6 Bc6 26.d7 Rb8 27.Rc1 Bf8 28.Qc4 Bb7 29.Be1 Be7
30.Bf2  1-0

[Event "chess.com Speed 3m+1spm 2018"]
[Site "chess.com INT"]
[Date "2018.10.11"]
[Round "2.18"]
[White "Vachier Lagrave,M"]
[Black "Nakamura,Hi"]
[Result "1-0"]
[WhiteElo "2779"]
[BlackElo "2777"]

1.e4 e5 2.Nf3 Nc6 3.Bc4 Bc5 4.c3 Nf6 5.d3 d6 6.O-O a5 7.Re1 O-O 8.Nbd2 Be6
9.Bb5 Qb8 10.Nf1 Qa7 11.Be3 Bxe3 12.Nxe3 Ne7 13.Ba4 Ng6 14.Qc2 h6 15.d4 c6
16.Nf5 Rad8 17.Bb3 Rfe8 18.Rad1 Qb8 19.Bxe6 Rxe6 20.c4 Ree8 21.d5 c5 22.Qa4 Ne7
23.Nxe7+ Rxe7 24.Qxa5 b5 25.Qc3 b4 26.Qc2 Ra7 27.b3 Qc7 28.Re2 Rda8 29.Qb1 g6
30.g3 Kg7 31.Kg2 Qd7 32.Ne1 Qc7 33.Nd3 Re8 34.Rf1 Nh5 35.f3 Qd8 36.f4 exf4
37.Nxf4 Nf6 38.Qb2 Kh7 39.Ref2 Qe7 40.Ne6 fxe6 41.Rxf6 exd5 42.exd5 Qe2+
43.R1f2 Qe4+ 44.Kh3 g5 45.Qc2 Ra6 46.Qd1  1-0

[Event "chess.com Speed 5m+1spm 2018"]
[Site "chess.com INT"]
[Date "2018.10.11"]
[Round "2.2"]
[White "Vachier Lagrave,M"]
[Black "Nakamura,Hi"]
[Result "1-0"]
[WhiteElo "2779"]
[BlackElo "2777"]

1.e4 e5 2.Nf3 Nc6 3.Bc4 Bc5 4.c3 Nf6 5.d3 d6 6.O-O O-O 7.Re1 a5 8.Nbd2 Be6
9.Bb5 Qb8 10.Nf1 Qa7 11.Be3 Bxe3 12.Nxe3 Ne7 13.Ba4 h6 14.Qc2 c6 15.d4 Ng6
16.Rad1 Bxa2 17.b3 b5 18.Qxa2 bxa4 19.Qxa4 Nxe4 20.Qxc6 Nf6 21.Qxd6 Rfd8
22.Qa3 Ne4 23.Qb2 a4 24.Qc2 Qb7 25.bxa4 Rdc8 26.c4 exd4 27.Nxd4 Nc5 28.Ndf5 Qb3
29.Qxb3 Nxb3 30.Nd5 Rcb8 31.h4 Rxa4 32.h5 Nf8 33.Nde7+ Kh7 34.Nd6 Nc5 35.Rd5 Nfe6
36.Nc6 Rb2 37.Nxf7 Rxc4 38.Nce5 Rf4 39.f3 Rf6 40.Nd8 Rxg2+ 41.Kxg2 Nf4+ 42.Kg3 Nxd5
43.Ng6 Rxg6+ 44.hxg6+ Kxg6 45.Re5  1-0

[Event "chess.com Speed 5m+1spm 2018"]
[Site "chess.com INT"]
[Date "2018.10.11"]
[Round "2.6"]
[White "Vachier Lagrave,M"]
[Black "Nakamura,Hi"]
[Result "1/2-1/2"]
[WhiteElo "2779"]
[BlackElo "2777"]

1.e4 e5 2.Nf3 Nc6 3.Bc4 Nf6 4.d3 Bc5 5.c3 d6 6.O-O O-O 7.Re1 a5 8.Nbd2 Be6
9.Bb5 Qb8 10.Nf1 Qa7 11.Be3 Bxe3 12.Nxe3 Ne7 13.Ba4 h6 14.Qc2 Ng4 15.d4 Nxe3
16.Rxe3 Ng6 17.Bb3 Bxb3 18.axb3 Qb6 19.g3 Rfe8 20.h4 Nf8 21.Rd3 exd4 22.Rxd4 Ne6
23.Rd5 Nc5 24.Nd2 Qc6 25.Rd4 b6 26.Re1 Ne6 27.Rd3 Re7 28.Rde3 Rae8 29.Nf3 Qa8
30.Nd4 Nxd4 31.cxd4 c5 32.d5 b5 33.Qd3 Qb7 34.Ra1 Qb6 35.Qe2 Rc8 36.Qe1 a4
37.bxa4 bxa4 38.Rxa4 Qxb2 39.Ra6 c4 40.Rxd6 c3 41.Rc6 Rxc6 42.dxc6 c2 43.Rc3 Qb1
44.Qf1 Qb2 45.Qe1 Qb1 46.Qf1 Qb2 47.Qe1  1/2-1/2

[Event "chess.com Speed 5m+1spm 2018"]
[Site "chess.com INT"]
[Date "2018.10.11"]
[Round "2.5"]
[White "Nakamura,Hi"]
[Black "Vachier Lagrave,M"]
[Result "1-0"]
[WhiteElo "2777"]
[BlackElo "2779"]

1.d4 Nf6 2.c4 g6 3.Nc3 d5 4.cxd5 Nxd5 5.e4 Nxc3 6.bxc3 Bg7 7.Bg5 c5 8.Rc1 cxd4
9.cxd4 Nc6 10.d5 Nd4 11.Be3 e5 12.Bc4 O-O 13.Ne2 Re8 14.O-O Bd7 15.f3 Qb6
16.Rb1 Qc5 17.Bd3 b5 18.Nxd4 exd4 19.Bd2 a5 20.Qc1 Qb6 21.Bxb5 Bxb5 22.a4 d3+
23.Kh1 Rec8 24.Qe1 Qd4 25.axb5 a4 26.b6 Rab8 27.Be3 Qc4 28.b7 Rc7 29.Rc1 Bc3
30.Bd2 Bxd2 31.Qxd2 Qxc1 32.Rxc1 Rxc1+ 33.Qxc1  1-0

[Event "chess.com Speed 3m+1spm 2018"]
[Site "chess.com INT"]
[Date "2018.10.11"]
[Round "2.14"]
[White "Vachier Lagrave,M"]
[Black "Nakamura,Hi"]
[Result "1/2-1/2"]
[WhiteElo "2779"]
[BlackElo "2777"]

1.e4 e5 2.Nf3 Nc6 3.Bc4 Bc5 4.c3 Nf6 5.d3 d6 6.O-O a5 7.Re1 O-O 8.Nbd2 Be6
9.Bb5 Qb8 10.Nf1 Qa7 11.Be3 Bxe3 12.Nxe3 Ne7 13.a4 h6 14.Bc4 Bxc4 15.Nxc4 Rad8
16.Qb3 Ng6 17.Qb5 b6 18.Ne3 Qb7 19.Rad1 Rfe8 20.Nf5 d5 21.exd5 Qxd5 22.Qxd5 Nxd5
23.g3 c5 24.Nd2 Nde7 25.Ne3 Nc8 26.Nf3 f6 27.Nc4 Nge7 28.d4 cxd4 29.cxd4 exd4
30.Nxd4 Kf7 31.Nb5 Nf5 32.Kg2 h5 33.h4 g5 34.hxg5 fxg5 35.Rxe8 Kxe8 36.Nc7+ Ke7
37.Rxd8 Kxd8 38.Ne6+ Kd7 39.Nxg5 Kc6 40.Ne4 b5 41.Nxa5+ Kb6 42.b4 bxa4 43.Nc3 Ncd6
44.Nxa4+ Kb5 45.Nc5 Kxb4 46.Nab7 Nf7 47.Ne6 Ne5 48.f4 Nd3 49.Nbd8 h4 50.Nc6+ Kc3
51.g4 Ne3+ 52.Kh3 Nxg4 53.Kxg4 h3 54.Kxh3 Nxf4+ 55.Nxf4  1/2-1/2

[Event "chess.com Speed 3m+1spm 2018"]
[Site "chess.com INT"]
[Date "2018.10.11"]
[Round "2.13"]
[White "Nakamura,Hi"]
[Black "Vachier Lagrave,M"]
[Result "1-0"]
[WhiteElo "2777"]
[BlackElo "2779"]

1.d4 Nf6 2.c4 g6 3.Nc3 d5 4.cxd5 Nxd5 5.e4 Nxc3 6.bxc3 Bg7 7.Bg5 c5 8.Rc1 cxd4
9.cxd4 Nc6 10.d5 Nd4 11.Be3 e5 12.Bc4 O-O 13.Ne2 Re8 14.O-O Bd7 15.f3 b5
16.Bd3 Qb6 17.Nxd4 exd4 18.Bd2 b4 19.f4 Bb5 20.Qf3 Rad8 21.Bxb5 Qxb5 22.f5 Rd7
23.h4 h5 24.Rc6 gxf5 25.Qxf5 Rde7 26.Bg5 Rxe4 27.Qxf7+  1-0

[Event "chess.com Speed 5m+1spm 2018"]
[Site "chess.com INT"]
[Date "2018.10.11"]
[Round "2.12"]
[White "Vachier Lagrave,M"]
[Black "Nakamura,Hi"]
[Result "0-1"]
[WhiteElo "2779"]
[BlackElo "2777"]

1.e4 e5 2.Nf3 Nc6 3.Bc4 Bc5 4.c3 Nf6 5.d3 d6 6.O-O a5 7.Re1 O-O 8.Nbd2 Be6
9.Bb5 Qb8 10.a4 Qa7 11.Re2 Ne7 12.Nf1 Bg4 13.Rc2 c6 14.Bc4 d5 15.Ba2 dxe4
16.dxe4 Nxe4 17.Qe2 Nxf2 18.Be3 Ne4  0-1